| 000 | 00982nam a22002417a 4500 | ||
|---|---|---|---|
| 999 |
_c16207 _d16207 |
||
| 003 | AR-CdUCM | ||
| 008 | 190502b ||||| |||| 00| 0 spa d | ||
| 040 |
_aMUNICIPALIDAD PROVINCIAL DEL CUSCO _cBIBLIOTECA MUNICIPAL DEL CUSCO |
||
| 082 |
_a571.985 / _bH87 |
||
| 100 |
_aHuaycochea Núñez de la Torre, Flor de María _935508 |
||
| 245 |
_aQolqas bancos de reserva Andinos : _bAlmacenes inkas, arqueología de Qolqas / |
||
| 260 |
_aCusco : _bEdit.Universitaria, _c1994. |
||
| 300 |
_a283 paginas ; _bIlustraciones, ,mapas, _c21 cm. |
||
| 505 | _aContenido : Lineamientos generales --El medio ambiente de los valles de Phiri y Patakancha y sus Qolqas --Arquitectura de las Qolqas --Otras Qolqas / | ||
| 650 |
_aArqueología _9371 |
||
| 650 |
_aAlmacenes _98843 |
||
| 650 |
_aÉpoca Prehispánica _92714 |
||
| 650 |
_aAndes _9319 |
||
| 650 |
_aPerú _935 |
||
| 710 |
_aUniversidad Nacional San Antonio de Abad (Cusco) _91879 |
||
| 942 |
_2ddc _cLIBROS |
||
| 945 |
_arjall _d2019-05-02 |
||